Statistiques concernant Culture Générale - Série 434

Cliquez ici pour prendre le quiz!

Statistiques générales

  • Ce quiz a été pris 180 fois
  • Le résultat moyen est 5 sur 10

Statistiques - réponses

QuestionRéponse% Correct
A la télévision, sur quel appareil le présentateur voit‐il défiler ses textes ?prompteur
94%
Quelle actrice française Pierce Brosnan protège‐t‐il dans "Le monde ne suffit pas" ?Sophie Marceau
63%
En français, que signifie le "F" des "micros HF" utilisés, entre autres, en télévision ?Fréquence
61%
En presse écrite, quel nom porte la faute typographique qui substitue une lettre à une autre ?coquille
58%
Comment appelle‐t‐on l'émission zéro qui sert de prototype à un jeu, un magazine, une émission de télévision ?pilote
49%
Quel composant électrique a donné son nom aux postes de radio portatifs dans les années 1960 ?transistor
48%
En 2006, quelle Française joue avec un James Bond blond ?Eva Green
32%
Quel nom porte le boîtier placé sur un téléviseur ou un poste de radio pour mesurer l'audience ?audimètre
22%
Dans le langage familier, quel nom de potage désigne les invendus d'une publication ?bouillon
17%
Quel nom les journalistes emploient‐ils pour parler des dernières heures de fabrication d'un journal avant son impression ?bouclage
9%

Distribution des résultats

Percentile par nombre de réponses

% des personnes avec chaque résultat

Votre développement - résultats

Vous n’avez pas pris ce quiz